000 00401nam a2200181Ia 4500
005 20250423094322.0
008 250422s9999 xx 000 0 und d
020 _a9789785399936
050 _aKP 97 .O6/
100 _aOputa,G.U
245 0 _aAchike on Contract
260 _aGhana
260 _bJustice Watch
260 _c2014
300 _a642 p
650 _aLaw of contract
942 _cBK
999 _c26896
_d26896